000 00535nmm a2200145Ia 4500
008 251105s9999||||xx |||||||||||||||||und||
041 _aspa
100 _aPierre-Léonard, Harvey
245 0 _aDiseño comunáutico aplicado a los sistemas sociales digitales: Fundamentos comunicacionales, teóricos y metodológicos
264 _a[Bogotá, Colombia] :
_bEditorial Pontificia Universidad Javeriana,
_c2017
300 _a734 páginas
650 _aSociology
856 _uhttps://public.digitaliapublishing.com/a/59772
942 _cCF
999 _c106539
_d106539